| 000 | 00545nam a2200205Ia 4500 | ||
|---|---|---|---|
| 005 | 20221122100357.0 | ||
| 008 | 131103s9999 xx 000 0 und d | ||
| 040 | _aLoreto College | ||
| 041 | _aEnglish | ||
| 082 |
_a821.7 _bWOR- MOO |
||
| 100 | _aMoorman,Mary | ||
| 245 |
_aWilliam Wordsworth _cMary Moorman |
||
| 260 |
_aLondon _bOxford University Press _c1965 |
||
| 300 |
_axvi,630 p. _b plates |
||
| 504 | _aIncludes index | ||
| 650 | _aEnglish literature | ||
| 651 | _aWordsworth,William - Biography | ||
| 850 | _aLCLIB | ||
| 942 | _cBK | ||
| 999 |
_c5946 _d56425 |
||